Irrational Behaviour of Youth when Taking Financial Decisions
Výskum vnútorných faktorov iracionálneho správania mladých, iniciovaný s cieľom odhaliť koreláciu medzi individuálnym a osobným, psychologickými zvláštnosťami a iracionálnym správaním v životných situáciách.
Enregistré dans:
| Auteur principal: | |
|---|---|
| Autres auteurs: | , , |
| Format: | Chapitre de livre |
| Langue: | anglais |
| Sujets: | |
| Tags: |
Pas de tags, Soyez le premier à ajouter un tag!
|
MARC
| LEADER | 00000naa a2200000 4500 | ||
|---|---|---|---|
| 001 | 0260007 | ||
| 005 | 20240502083742.0 | ||
| 041 | 0 | |a eng | |
| 044 | |a GR | ||
| 245 | 1 | 0 | |a Irrational Behaviour of Youth when Taking Financial Decisions |c Diana I. Stepanova, A.P. Garnov, A.V. Brykin |
| 520 | |a Výskum vnútorných faktorov iracionálneho správania mladých, iniciovaný s cieľom odhaliť koreláciu medzi individuálnym a osobným, psychologickými zvláštnosťami a iracionálnym správaním v životných situáciách. | ||
| 610 | 2 | 0 | |a racionalita |
| 610 | 2 | 0 | |a peniaze |
| 610 | 2 | 0 | |a správanie hospodárske |
| 100 | 1 | |a Stepanova, Diana I. | |
| 700 | 1 | |a Garnov, A.P. | |
| 700 | 1 | |a Brykin, A.V. | |
| 700 | 1 | |a Jančíková, Eva, 1960- | |